Les 20 villes les plus peuplées des Hautes-Alpes sur une carte - Statistiques

Statistiques générales
  • Ce quiz a été pris 68 fois
  • Le résultat moyen est 9 sur 20
Réponses sur la Carte
Les réponses sont colorées sur une échelle allant du rouge au vert en fonction du pourcentage des utilisateurs qui les ont devinées à leur premier essai. Vous pouvez retrouver ces pourcentages ci-dessous.
 
Statistiques - réponses
Population Ville % Correct
40 656 Gap
100%
10 748 Briançon
97%
6 387 Embrun
85%
2 286 Guillestre
59%
3 106 Chorges
57%
3 244 Veynes
57%
2 278 L'Argentière-la-Bessée
49%
2 272 Tallard
49%
3 566 Laragne-Montéglin
48%
1 303 Serres
39%
2 611 La Bâtie-Neuve
30%
2 081 Saint-Bonnet-en-Champsaur
30%
1 223 Châteauroux-les-Alpes
28%
1 133 Vallouise-Pelvoux
26%
1 433 Villar-Saint-Pancrace
23%
1 675 La Roche-des-Arnauds
21%
1 504 Saint-Chaffrey
21%
1 161 Crots
20%
1 375 La Saulce
11%
1 342 Val Buëch-Méouge
8%
Aucun quiz correspondant
Distribution des résultats
% des personnes avec chaque résultat
Percentile par nombre de réponses
Votre historique - résultats
Vous n’avez pas pris ce quiz